Bàn về lịch vạn niên
Trình bày quá trình hình thành lịch vạn niên; Những kiến thức cơ bản về lịch pháp cổ đại phươnng Đông và thuật chiêm tinh. Giới thiệu lịch vạn niên triều Mỹ; NHững quan điểm đánh giá lịch vạn niên.
Đã lưu trong:
| Tác giả chính: | |
|---|---|
| Định dạng: | Sách |
| Năm xuất bản: |
H.
Văn hóa dân tộc
1995.
|
| Chủ đề: | |
| Tags: |
Thêm thẻ
Không có thẻ, Hãy là người đầu tiên gắn thẻ bản ghi này!
|
| LEADER | 00804nam a2200157 4500 | ||
|---|---|---|---|
| 082 | |a 529.3 |b T120V | ||
| 100 | |a Tân Việt | ||
| 245 | |a Bàn về lịch vạn niên |c Tân Việt, Thiều Phong biên soạn | ||
| 260 | |a H. |b Văn hóa dân tộc |c 1995. | ||
| 300 | |a 158 tr. |c 27cm. | ||
| 520 | |a Trình bày quá trình hình thành lịch vạn niên; Những kiến thức cơ bản về lịch pháp cổ đại phươnng Đông và thuật chiêm tinh. Giới thiệu lịch vạn niên triều Mỹ; NHững quan điểm đánh giá lịch vạn niên. | ||
| 653 | |a Lịch vạn niên | ||
| 653 | |a Niên đại học | ||
| 942 | |2 ddc |c SH | ||
| 999 | |c 10652 |d 10652 | ||
| 952 | |0 0 |1 0 |2 ddc |4 0 |6 529_300000000000000_T120V |7 0 |8 500 |9 91816 |a qbu |b qbu |c D3 |d 2015-08-20 |g 17500 |o 529.3 T120V |p 10404.c1 |r 0000-00-00 |w 2015-08-20 |y SH | ||